[Event "Challenge"]
[Site "http://www.queenalice.com/game.php?id=712096"]
[Date "2010.1.11"]
[Round "-"]
[White "lennygabin"]
[Black "chesspeare"]
[Result "1-0"]
[WhiteElo "1479"]
[BlackElo "1450"]

1. e4 e5 2. Qh5 Qe7 3. Bd3 d5 4. Nc3 c6 5. exd5 g6 6. Qe2 Qg5 7. g3 Nf6 8. Nh3
Qh6 9. Qxe5+ Be7 10. d6 O-O 11. dxe7 Re8 12. Ng5 Nbd7 13. Qe3 Nf8 14. O-O Ng4
15. exf8=Q+ Kxf8 16. Qc5+ Kg8 17. h4 Ne5 18. Nxf7 Kxf7 19. Bc4+ Nxc4 20. Qxc4+
Be6 21. Qb4 Qh5 22. Qxb7+ Kf8 23. d3 Bh3 24. Qb4+ c5 25. Qf4+ Kg7 26. Qc7+ Kh8
27. Bg5 Bxf1 28. Bf6+ 1-0

[Event "Challenge"]
[Site "http://www.queenalice.com/game.php?id=713122"]
[Date "2010.1.13"]
[Round "-"]
[White "joserie"]
[Black "chesspeare"]
[Result "1-0"]
[WhiteElo "2102"]
[BlackElo "1450"]

1. e4 e5 2. Nf3 Nf6 3. Nxe5 Qe7 4. Nf3 Nxe4 5. Be2 d5 6. O-O Bg4 7. Re1 Nd7 8.
h3 Bxh3 9. gxh3 Ne5 10. d3 Nxf2 11. Kxf2 O-O-O 12. Nxe5 Kb8 13. Bf1 Qh4+ 14. Kg1
Bc5+ 15. Kh1 Qg3 16. Bg2 Qf2 17. Rf1 Qg3 18. Bf4 Qh4 19. Qg4 Qe7 20. Nc3 g5 21.
Bh2 f5 22. Rxf5 Rhg8 23. Nxd5 Qg7 24. Rf7 Qh8 25. Rxc7 Bd6 26. Rxb7+ Kxb7 27.
Qe4 Kb8 28. Ne7 Bxe5 29. Qb7# 1-0

[Event "Challenge"]
[Site "http://www.queenalice.com/game.php?id=713680"]
[Date "2010.1.14"]
[Round "-"]
[White "chesspeare"]
[Black "joserie"]
[Result "0-1"]
[WhiteElo "1484"]
[BlackElo "2156"]

1. d4 Nf6 2. Bf4 d5 3. Be5 Nc6 4. Bxf6 exf6 5. e3 Bd6 6. Qh5 O-O 7. Nc3 Bb4 8.
Ne2 g6 9. Qh6 Ne7 10. g4 Bxg4 11. Ng3 c5 12. Rg1 Qa5 13. f3 Bxc3+ 14. Kf2 Nf5
15. Nxf5 Bxf5 16. bxc3 Qxc3 17. Bd3 Qd2+ 18. Kf1 Bxd3+ 19. cxd3 cxd4 20. Re1
dxe3 21. Rg2 e2+ 22. Rgxe2 Qxh6 23. f4 Qxf4+ 24. Rf2 Qh4 25. Re3 Rfe8 26. Ref3
Re5 27. d4 Re4 28. Re2 Rxe2 29. Kxe2 Re8+ 30. Re3 Rxe3+ 31. Kxe3 Qe4+ 32. Kd2
Qxd4+ 33. Ke2 Qe4+ 34. Kd2 d4 35. h4 Qe3+ 36. Kd1 d3 37. a4 Qe2+ 38. Kc1 Qc2#
0-1

[Event "Challenge"]
[Site "http://www.queenalice.com/game.php?id=1087648"]
[Date "2012.7.28"]
[Round "-"]
[White "plot24"]
[Black "chesspeare"]
[Result "0-1"]
[WhiteElo "1749"]
[BlackElo "1476"]

1. d4 d5 2. c4 e5 3. e3 g6 4. Nc3 Bb4 5. Bd2 Bxc3 6. Bxc3 Be6 7. dxe5 Nc6 8.
cxd5 Qxd5 9. Nf3 h6 10. Qxd5 Bxd5 11. e6 f6 12. O-O-O O-O-O 13. Kb1 Be4+ 14. Bd3
Rxd3 0-1

[Event "Challenge"]
[Site "http://www.queenalice.com/game.php?id=1088835"]
[Date "2012.7.30"]
[Round "-"]
[White "Rogerio11"]
[Black "chesspeare"]
[Result "0-1"]
[WhiteElo "1238"]
[BlackElo "1503"]

1. e4 e6 2. e5 d5 3. d4 c5 4. dxc5 Bxc5 5. f4 Qb6 6. Nf3 Be3 7. g4 Nc6 8. Nc3 a6
9. f5 f6 10. fxe6 Bxe6 11. exf6 gxf6 12. Nxd5 Qa5+ 13. c3 O-O-O 14. Nxe3 Rxd1+
15. Nxd1 Nge7 16. b4 Qd5 17. g5 Qxf3 18. Rg1 Rd8 19. a4 Rxd1# 0-1

[Event "AUTO-INT-2432"]
[Site "http://www.queenalice.com/game.php?id=1101443"]
[Date "2012.9.10"]
[Round "1"]
[White "chesspeare"]
[Black "Buddhahead"]
[Result "0-1"]
[WhiteElo "1526"]
[BlackElo "1921"]

1. Nf3 Nf6 2. Nc3 d5 3. d4 e6 4. Bg5 Be7 5. Bxf6 Bxf6 6. e4 dxe4 7. Nxe4 Nd7 8.
Qd2 c5 9. Bb5 O-O 10. Nxf6+ Nxf6 11. Bd3 cxd4 12. Nxd4 e5 13. Nf5 e4 14. Qg5
Bxf5 15. Qxf5 exd3 16. Rd1 Qe7+ 17. Kd2 Qe2+ 18. Kc3 Qxc2+ 19. Kb4 Qxb2+ 20. Kc4
Rac8+ 0-1

[Event "AUTO-INT-2432"]
[Site "http://www.queenalice.com/game.php?id=1101444"]
[Date "2012.9.10"]
[Round "1"]
[White "Buddhahead"]
[Black "chesspeare"]
[Result "1-0"]
[WhiteElo "2006"]
[BlackElo "1465"]

1. d4 d5 2. c4 Nf6 3. cxd5 Nxd5 4. Nf3 Nc6 5. e4 Ndb4 6. a3 Na6 7. b4 b5 8. Bxb5
Bb7 9. d5 Nb8 10. dxc6 Qxd1+ 11. Kxd1 Nxc6 12. Ne5 O-O-O+ 13. Nd3 Ne5 14. Ke2 f6
15. Nxe5 fxe5 16. Nc3 h6 17. Be3 e6 18. Bxa7 Be7 19. Rad1 Bg5 20. f3 c6 21. Bc4
Kc7 22. Bc5 Ra8 23. a4 Ba6 24. Bxa6 Rxa6 25. Rd3 Rd8 26. Rhd1 Raa8 27. Bd6+ Kb7
28. Bxe5 Rg8 29. Rd7+ Ka6 30. R1d6 Rgc8 31. b5+ Ka5 32. Rxc6 Rd8 33. Bc7+ 1-0

[Event "AUTO-INT-2432"]
[Site "http://www.queenalice.com/game.php?id=1101445"]
[Date "2012.9.10"]
[Round "1"]
[White "chesspeare"]
[Black "vangogh"]
[Result "0-1"]
[WhiteElo "1536"]
[BlackElo "1415"]

1. e4 e5 2. d4 d5 3. exd5 e4 4. Nc3 Bf5 5. Bb5+ c6 6. Ba4 b5 7. Bb3 b4 8. Nce2
Bd6 9. Ba4 Nf6 10. dxc6 Nd5 11. c7+ Ke7 12. cxd8=Q+ Kxd8 13. Bg5+ f6 14. Bh4 g5
15. Bg3 Bxg3 16. Nxg3 Bg6 17. Qg4 e3 18. Nh3 Re8 19. O-O e2 20. Nxe2 Re4 21. Qf3
g4 22. Qb3 Nb6 0-1

[Event "AUTO-INT-2432"]
[Site "http://www.queenalice.com/game.php?id=1101446"]
[Date "2012.9.10"]
[Round "1"]
[White "vangogh"]
[Black "chesspeare"]
[Result "0-1"]
[WhiteElo "1416"]
[BlackElo "1524"]

1. e4 e5 2. Qf3 Nf6 3. Bc4 d5 4. exd5 e4 5. Qf4 Bd6 6. Qg5 O-O 7. h4 h6 8. Qe3
Ng4 9. Qxe4 Re8 10. f3 Rxe4+ 11. fxe4 Qf6 12. Nf3 Bg3+ 13. Ke2 Qb6 14. d4 Bf2
15. h5 Bxd4 16. Rd1 Be3 17. Nc3 Bxc1 18. Rdxc1 Qe3+ 19. Kf1 Qf2# 0-1

[Event "AUTO-INT-2432"]
[Site "http://www.queenalice.com/game.php?id=1101447"]
[Date "2012.9.10"]
[Round "1"]
[White "chesspeare"]
[Black "vinoseco"]
[Result "1-0"]
[WhiteElo "1484"]
[BlackElo "1576"]

1. d4 d6 2. d5 Nf6 3. Nc3 Nc6 4. dxc6 bxc6 5. e4 e6 6. Bg5 d5 7. e5 Be7 8. exf6
Bxf6 9. Bxf6 Qxf6 10. Nf3 Rb8 11. b3 Qxc3+ 12. Nd2 Qe5+ 13. Be2 Ba6 14. c4 dxc4
15. bxc4 Rd8 16. O-O Qg5 17. f4 Qc5+ 18. Kh1 Qe3 19. Rf3 Qc5 20. Qc2 O-O 21. Rh3
g6 22. Rg3 Qf2 23. Ne4 Qxf4 24. Rf1 Qe5 25. Bh5 f5 26. Ng5 Rd4 27. Nf3 Rxc4 28.
Qd2 Qd5 29. Qh6 Rf6 30. Ng5 Qd7 31. Rd1 Rd4 32. Rxd4 Qg7 33. Rd8+ Rf8 34. Rxf8+
Kxf8 35. Nxe6+ Kf7 36. Qxg7+ Kxe6 37. Re3+ Kd5 38. Qe5+ Kc4 39. Be2+ 1-0

[Event "Challenge"]
[Site "http://www.queenalice.com/game.php?id=1102770"]
[Date "2012.9.14"]
[Round "-"]
[White "Rogerio11"]
[Black "chesspeare"]
[Result "1-0"]
[WhiteElo "1295"]
[BlackElo "1489"]

1. e4 e6 2. Bc4 Qh4 3. Qf3 Nf6 4. Nc3 d5 5. exd5 Qxc4 6. b3 Qd4 7. Nge2 Qe5 8.
dxe6 fxe6 9. d4 Qh5 10. Ng3 Qh4 11. Nb5 Na6 12. c4 Bb4+ 13. Bd2 1-0

[Event "Challenge"]
[Site "http://www.queenalice.com/game.php?id=1107286"]
[Date "2012.9.28"]
[Round "-"]
[White "Martial"]
[Black "chesspeare"]
[Result "0-1"]
[WhiteElo "1584"]
[BlackElo "1463"]

1. e4 d5 2. Nc3 d4 3. Nce2 e5 4. Nf3 Nc6 5. c3 Bc5 6. b4 d3 7. Ng3 Bb6 8. Bxd3
Qxd3 9. a4 a6 10. Bb2 Bg4 11. h3 Bxf3 12. gxf3 Nge7 13. a5 Bd4 14. Ne2 O-O 15.
h4 Nxb4 16. Rc1 Qxf3 17. Nxd4 Nd3+ 18. Kf1 Qxf2# 0-1

[Event "AUTO-OPEN-2831"]
[Site "http://www.queenalice.com/game.php?id=1117593"]
[Date "2012.10.31"]
[Round "1"]
[White "chesspeare"]
[Black "luiz_antonio"]
[Result "0-1"]
[WhiteElo "1502"]
[BlackElo "1863"]

1. Nf3 d5 2. d4 b5 3. e4 a6 4. e5 Nc6 5. g3 Bg4 6. Bg2 Qd7 7. Bf4 Bh3 8. O-O
Bxg2 9. Kxg2 g6 10. Nc3 e6 11. Bg5 h6 12. Be3 h5 13. Bg5 Be7 14. Qd2 Bxg5 15.
Qxg5 Nge7 16. Qf6 O-O-O 17. Ne2 Ng8 18. Qxh8 Nce7 19. Ng5 Nf5 20. Qh7 Rf8 21.
Nxf7 Nge7 22. Nh6 Qe8 23. Nf4 Nxd4 24. c3 Nc2 25. Rac1 Ne3+ 26. fxe3 Nf5 0-1

[Event "AUTO-OPEN-2831"]
[Site "http://www.queenalice.com/game.php?id=1117594"]
[Date "2012.10.31"]
[Round "1"]
[White "luiz_antonio"]
[Black "chesspeare"]
[Result "1-0"]
[WhiteElo "1865"]
[BlackElo "1500"]

1. e4 d5 2. exd5 Nf6 3. c4 Bf5 4. d3 h6 5. Nc3 e6 6. Qe2 Be7 7. f3 Bb4 8. g4
Bxc3+ 9. bxc3 Bh7 10. dxe6 fxe6 11. Qxe6+ Qe7 12. Qxe7+ Kxe7 13. Bg2 Re8 14. f4
Nbd7 15. Bxb7 Kf7+ 16. Ne2 Rxe2+ 17. Kxe2 Re8+ 18. Kf3 Bxd3 19. Bd2 Nc5 20. Bc6
Re2 21. Be3 Nce4 22. Rhf1 Rxh2 23. g5 Rh3+ 24. Kg2 Rg3+ 25. Kh2 Ng4+ 26. Kh1 1-0

[Event "AUTO-OPEN-2831"]
[Site "http://www.queenalice.com/game.php?id=1117595"]
[Date "2012.10.31"]
[Round "1"]
[White "chesspeare"]
[Black "forever"]
[Result "0-1"]
[WhiteElo "1504"]
[BlackElo "2017"]

1. Nf3 Nc6 2. d4 d5 3. c4 dxc4 4. e4 Bg4 5. Bxc4 Nxd4 6. Nbd2 Nxf3+ 7. gxf3 Bh5
8. Qb3 e6 9. Qb5+ Qd7 10. Qxh5 O-O-O 11. Qa5 Kb8 12. Ba6 bxa6 13. Qxa6 Bc5 14.
Rg1 f5 15. exf5 exf5 16. a3 Qd4 17. Rg2 Nf6 18. Rxg7 Nd5 19. Qc6 Qxf2+ 20. Kd1
Ne3# 0-1

[Event "AUTO-OPEN-2831"]
[Site "http://www.queenalice.com/game.php?id=1117596"]
[Date "2012.10.31"]
[Round "1"]
[White "forever"]
[Black "chesspeare"]
[Result "1-0"]
[WhiteElo "2033"]
[BlackElo "1498"]

1. f4 d5 2. Nf3 d4 3. d3 Nc6 4. e4 dxe3 5. Bxe3 Bg4 6. Be2 Nf6 7. Ne5 Bxe2 8.
Qxe2 Nd4 9. Qd2 e6 10. O-O Bc5 11. c3 Nc2 12. Bxc5 Nxa1 13. Na3 Qd5 14. d4 Ne4
15. Qd3 Nxc5 16. Qd1 Rd8 17. Qxa1 1-0

[Event "AUTO-OPEN-2831"]
[Site "http://www.queenalice.com/game.php?id=1117597"]
[Date "2012.10.31"]
[Round "1"]
[White "chesspeare"]
[Black "tomcapp"]
[Result "0-1"]
[WhiteElo "1477"]
[BlackElo "1440"]

1. Nf3 Nc6 2. d4 d5 3. a3 Bg4 4. Ne5 Nxe5 5. dxe5 e6 6. Nc3 d4 7. Nb5 d3 8. Bg5
Ne7 9. cxd3 a6 10. Qa4 axb5 11. Qxb5+ c6 0-1

[Event "AUTO-OPEN-2831"]
[Site "http://www.queenalice.com/game.php?id=1117598"]
[Date "2012.10.31"]
[Round "1"]
[White "tomcapp"]
[Black "chesspeare"]
[Result "1-0"]
[WhiteElo "1421"]
[BlackElo "1496"]

1. e4 e5 2. Nf3 Bc5 3. Nc3 Nc6 4. Nd5 Nge7 5. d3 Nxd5 6. exd5 Qf6 7. Bg5 Qf5 8.
Be2 Bxf2+ 9. Kxf2 Nd4 10. Kg1 Nxf3+ 11. Bxf3 Qxg5 12. g4 d6 13. c4 1-0